00376nam a2200145Ia 4500008004100000082001800041100001700059245005100076250000800127260002500135300001300160500002400173650001500197700001800212230524s9999 xx 000 0 und d a660.6092bBAL aPierre Baldi 0aBioinformatics : The Machine Learning Approach a2ND aNEW DELHIbEWPc2001 aVIII;447 aQuantity Number: 1 aBiomedical a Sqren Brunak